<?xml version="1.0" encoding="UTF-8"?>
<collection xmlns="http://www.loc.gov/MARC21/slim">
 <record>
  <leader>     na                 </leader>
  <controlfield tag="001">INLIS000000000019505</controlfield>
  <controlfield tag="005">20251014022226</controlfield>
  <datafield tag="035" ind1=" " ind2=" ">
   <subfield code="a">0010-0123000388</subfield>
  </datafield>
  <controlfield tag="007">ta</controlfield>
  <controlfield tag="008">251014                g          0 ind  </controlfield>
  <datafield tag="020" ind1=" " ind2=" ">
   <subfield code="a">978-602-262-401-1</subfield>
  </datafield>
  <datafield tag="082" ind1=" " ind2=" ">
   <subfield code="a">023</subfield>
  </datafield>
  <datafield tag="084" ind1=" " ind2=" ">
   <subfield code="a">023 MAK b</subfield>
  </datafield>
  <datafield tag="100" ind1="0" ind2=" ">
   <subfield code="a">Testiani Makmur,</subfield>
   <subfield code="e">Pengarang</subfield>
  </datafield>
  <datafield tag="245" ind1="1" ind2=" ">
   <subfield code="a">Budaya Kerja Pustakawan di Era Digitalisasi :</subfield>
   <subfield code="b">Perspektif Organisasi, Relasi dan Individu</subfield>
  </datafield>
  <datafield tag="250" ind1=" " ind2=" ">
   <subfield code="a">Cetakan 1</subfield>
  </datafield>
  <datafield tag="300" ind1=" " ind2=" ">
   <subfield code="a">viii, 134 halaman ;</subfield>
   <subfield code="c">23</subfield>
  </datafield>
  <datafield tag="650" ind1=" " ind2="4">
   <subfield code="a">Pustakawan</subfield>
  </datafield>
  <datafield tag="520" ind1=" " ind2=" ">
   <subfield code="a">Budaya Kerja Pustakawan di Era Digitalisasi&#13;
Perspektif Organisasi, Relasi dan Individu&#13;
&#13;
Dunia perpustakaan saat ini mengalami persaingan sangat ketat, apalagi ASEAN akan menjadi pasar bebas (Masyarakat Ekonomi Asean). Oleh karena itu, dibutuhkan budaya kerja di perpustakaan. Tanpa budaya kerja, fundamental untuk membangun sumber daya pustakawan seutuhnya dalam rangka mendukung misi induknya bisa tidak terwujud. Budaya kerja merupakan syarat utama bagi perkembangan perpustakaan yang berskala internasional. Hal tersebut harus didukung oleh berbagai elemen yang terdapat di organisasi, relasi dan individu itu sendiri.&#13;
&#13;
Upaya ini penting dilakukan karena sekali lagi tujuan membangun budaya kerja pustakawan di era digital; bukan sekadar budaya tersebut berbeda dengan budaya kerja perpustakaan lain. juga bukan sekedar budaya kerja yang kuat atau lemah. Lebih dari itu, tujuan membangun budaya kerja agar perpustakaan bisa meningkatkan produktivitas kerja, membentuk perilaku kerja serta membantu anggota-anggota organisasi sense of belonging terhadap organisasi. Kemudian memberi dampak bagi pustakawan atau perpustakaan karena dituntut memiliki keunggulan secara internasional baik melalui perencanaan kerja maupun misi perpustakaan visioner sehingga mampu bersaing secara regional dan Internasional.</subfield>
  </datafield>
  <datafield tag="264" ind1=" " ind2=" ">
   <subfield code="a">Yogyakarta :</subfield>
   <subfield code="b">Graha Ilmu,</subfield>
   <subfield code="c">2015</subfield>
  </datafield>
  <datafield tag="336" ind1=" " ind2=" ">
   <subfield code="2">rdacontent</subfield>
   <subfield code="a">teks</subfield>
  </datafield>
  <datafield tag="337" ind1=" " ind2=" ">
   <subfield code="2">rdamedia</subfield>
   <subfield code="a">tanpa pelantara</subfield>
  </datafield>
  <datafield tag="338" ind1=" " ind2=" ">
   <subfield code="2">rdacarrier</subfield>
   <subfield code="a">lembar</subfield>
  </datafield>
  <datafield tag="990" ind1=" " ind2=" ">
   <subfield code="a">068890</subfield>
  </datafield>
  <datafield tag="990" ind1=" " ind2=" ">
   <subfield code="a">069016</subfield>
  </datafield>
  <datafield tag="990" ind1=" " ind2=" ">
   <subfield code="a">069017</subfield>
  </datafield>
  <datafield tag="990" ind1=" " ind2=" ">
   <subfield code="a">069018</subfield>
  </datafield>
  <datafield tag="990" ind1=" " ind2=" ">
   <subfield code="a">068891</subfield>
  </datafield>
  <datafield tag="990" ind1=" " ind2=" ">
   <subfield code="a">068892</subfield>
  </datafield>
 </record>
</collection>
